000 00747cam a22002531 4500
001 sa 65004098
003 DLC
005 20260227112128.0
008 940922s1963 ii 000 0 telo
010 _asa 65004098
025 _aPL480:I-Te-828
035 _a(OCoLC)31160520
040 _aDLC
_cCU
_dCU
_dDLC
042 _apremarc
050 0 0 _aPL4780.9.A59
_bN3
100 2 _aAppala Narasimha Prasad, Tholeti,
_d1940-
245 1 0 _aNammu-nammakapō!
260 _c[1963]
300 _aiii, 73 p.
_c19 cm.
500 _aIn Telugu.
500 _aBased on Sir Arthur Conan Doyle's the Hound of the Baskervilles.
700 1 _aSubbārāvu, Kōrāḍa Veṅkaṭa.
700 1 _aDoyle, Arthur Conan,
_d1859-1930.
_tHound of the Baskervilles.
999 _c63528
_d63528